[Event "SLO-ch U14"]
[Site "Murska Sobota"]
[Date "2007.02.26"]
[Round "2"]
[White "Pahor, Ziga"]
[Black "Kunaver, Jur"]
[Result "1-0"]
[WhiteElo "1500"]
[BlackElo "1500"]
[PlyCount "57"]
[EventDate "2007.02.25"]
[EventType "swiss"]
[EventRounds "9"]
[EventCountry "SLO"]
[SourceTitle "CBM 117 Extra"]
[Source "ChessBase"]
[SourceDate "2007.05.09"]
[SourceVersion "1"]
[SourceVersionDate "2007.05.09"]
[SourceQuality "1"]

1. e4 e5 2. f4 Nc6 3. Nf3 exf4 4. Bc4 Nf6 5. d3 d5 6. exd5 Nxd5 7. 0-0 Bg4 8. Bxd5 Qxd5 9. Nc3 Bc5+ 10. Kh1 Qf5 11. Qe1+ Be7 12. Nh4 Qg5 13. Rxf4 Qxh4 14. Qxh4 Bxh4 15. Rxg4 Bf6 16. Nd5 0-0-0 17. Nxf6 gxf6 18. Rg7 Rde8 19. Bf4 Re7 20. Bg3 h6 21. Rf1 Rhe8 22. h3 Re2 23. Rxf7 R8e7 24. R1xf6 Rxc2 25. Rxc6 Rxg2 26. Rxc7+ Kd8 27. Rf8+ Re8 28. Rxe8+ Kxe8 29. Kxg2 1-0